El difícil equilibrio: la educación superior como bien público y comercio de servicios, implicaciones del AGCS-GATS
Enregistré dans:
| Auteur principal: | |
|---|---|
| Format: | Livre |
| Langue: | espagnol |
| Publié: |
Cuenca
Universidad de Castilla-La Mancha
2004
|
| Collection: | Documentos Columbus sobre Gestión Universitaria
|
| Sujets: | |
| Tags: |
Ajouter un tag
Pas de tags, Soyez le premier à ajouter un tag!
|
MARC
| LEADER | 00000nam a2200000 a 4500 | ||
|---|---|---|---|
| 001 | UCG6775 | ||
| 003 | CL-VaPUC | ||
| 008 | 110520e20040000SP |||||||||||||||||spa|d | ||
| 020 | |a 8484273008 | ||
| 082 | 0 | 4 | |a 378.101 |b GAR |2 21 |
| 100 | 0 | |a García-Guadilla, Carmen |e author |9 557149 | |
| 245 | 1 | 3 | |a El difícil equilibrio: la educación superior como bien público y comercio de servicios, implicaciones del AGCS-GATS |
| 300 | |a 143 p | ||
| 942 | |c BK | ||
| 945 | |d 20110520 00:00:00 |a jcampos | ||
| 260 | |a Cuenca |b Universidad de Castilla-La Mancha |c 2004 | ||
| 650 | 0 | |a Administración universitaria |9 557150 | |
| 650 | 0 | |a Educación pública |9 309676 | |
| 650 | 7 | |a SOCIEDAD DE MERCADO |2 CL-VaPUC |9 375984 | |
| 650 | 0 | |a Educación superior |9 223851 | |
| 650 | 7 | |a EDUCACION PRIVADA |2 CL-VaPUC |9 307919 | |
| 651 | 0 | |a Europa |9 255156 | |
| 651 | 0 | |a América Latina |9 255027 | |
| 583 | |a last modification |c 20110520 00:00:00 |k Rodrigo Vera | ||
| 490 | 0 | |a Documentos Columbus sobre Gestión Universitaria | |
| 999 | |c 344915 |d 344913 | ||
| 952 | |0 0 |1 0 |4 0 |6 378_101000000000000_GAR_2004 |7 0 |8 ED_SUP |9 443271 |a BIBGIM |b BIBGIM |c S_PSTGRDO |d 2019-11-22 |i 4776798 |o 378.101 GAR 2004 |p 4776798 |r 2025-01-15 |w 2019-11-22 |y BK_X |k ESU | ||